|
|
|
|
| LEADER |
00565nam a22001697a 4500 |
| 008 |
160608b xxu||||| |||| 00| 0 mal d |
| 020 |
|
|
|a 8130006251
|c INR
|
| 082 |
|
|
|a 853.4 S14
|
| 100 |
|
|
|a Sulochana Nalappattu
|
| 245 |
|
|
|a Theyila /
|c Sulochana Nalappattu
|
| 260 |
|
|
|a Calicut :
|b Poorna,
|c 2007.
|
| 300 |
|
|
|a 332 p. ;
|
| 650 |
|
|
|v Novel
|x Malayalam
|
| 942 |
|
|
|c BK
|
| 546 |
|
|
|a In malayalam
|
| 999 |
|
|
|c 285478
|d 285478
|
| 952 |
|
|
|0 0
|1 0
|4 0
|6 853_400000000000000_S14_THE
|7 0
|9 323953
|a FLK
|b FLK
|c ST1
|d 2016-06-08
|e BK
|g 200.00
|i 5184
|l 0
|o 853.4 S14 THE
|p FLK5184
|r 2016-06-08
|w 2016-06-08
|y BK
|